Statystyki dla Państwa położone najbliżej USA według kontynentu

Kliknij tutaj aby rozwiązać quiz!

Ogólne statystyki

  • Ten quiz został rozwiązany 26 419 razy
  • Średni wynik to 21 z 30

Statystyki odpowiedzi

KontynentPaństwo% Poprawnych
Ameryka PółnocnaKanada
99%
Ameryka PółnocnaMeksyk
98%
EuropaHiszpania
91%
EuropaPortugalia
90%
AzjaRosja
90%
EuropaWielka Brytania
89%
EuropaIslandia
86%
AzjaJaponia
85%
Ameryka PołudniowaBrazylia
84%
EuropaIrlandia
84%
AzjaChiny
83%
Ameryka PółnocnaKuba
83%
Ameryka PołudniowaKolumbia
80%
AfrykaMaroko
77%
Ameryka PołudniowaWenezuela
77%
AzjaKorea Południowa
74%
Ameryka PołudniowaPeru
73%
AzjaKorea Północna
72%
Ameryka PołudniowaEkwador
70%
Ameryka PółnocnaJamajka
57%
AfrykaAlgieria
55%
Ameryka PółnocnaBahamy
55%
AfrykaSenegal
54%
AfrykaMauretania
47%
OceaniaKiribati
42%
OceaniaWyspy Marshalla
42%
AfrykaRepublika Zielonego Przylądka
38%
OceaniaTuvalu
38%
OceaniaNauru
37%
OceaniaSamoa
36%

Rozkład punktacji

Percentyl według liczby udzielonych odpowiedzi

Procent ludzi z każdym wynikiem

Twoja historia wyników

Nie rozwiązałeś tego quizu